Statistiche per Miglior piazzamento in Serie A - Quiz n°3

Clicka qui per fare il quiz!

Statistiche generali

  • Questo quiz è stato fatto 7 volte
  • Il punteggio medio è 6 su 22

Statistiche sulle risposte

HintRisposta% Corretto
RomaCampione
100%
InterCampione
100%
NapoliCampione
86%
Hellas VeronaCampione
71%
CarpiDiciottesimo posto
43%
BeneventoDiciottesimo posto
43%
BresciaOttavo posto
43%
ParmaSecondo posto
43%
PerugiaSecondo posto
29%
MessinaSettimo posto
29%
TernanaQuindicesimo posto
14%
LeccoQuattordicesimo posto
0%
ReggianaQuattordicesimo posto
0%
SalernitanaQuindicesimo posto
0%
SPALQuinto posto
0%
LivornoSecondo posto
0%
PistoieseSedicesimo posto
0%
LuccheseSettimo posto
0%
VareseSettimo posto
0%
BariSettimo posto
0%
VeneziaTerzo posto
0%
SienaTredicesimo posto
0%

Distribuzione punteggi

Percentile per numero di risposta

Percentuale di utenti per punteggio

I tuoi punteggi nel tempo

Non hai fatto questo quiz